|
|
|
|
| LEADER |
00000nam#a2200000#a#4500 |
| 001 |
012752 |
| 005 |
20160721151631.0 |
| 008 |
981020s1995####sp##################spa#d |
| 020 |
|
|
|a 8449301858
|
| 040 |
|
|
|a AR-beUNQ
|
| 099 |
|
|
|a 03-Q2
|
| 100 |
1 |
|
|a Quéau, Philippe
|
| 245 |
0 |
3 |
|a Lo virtual :
|b virtudes y vértigos
|c Philippe Quéau.
|
| 260 |
|
|
|a Barcelona :
|b Paidós,
|c 1995
|
| 300 |
|
|
|a 207 p. :
|b il.
|
| 490 |
0 |
|
|a Hipermedia ;
|v v. 1
|
| 650 |
|
7 |
|a CIBERNETICA
|2 Spines
|
| 650 |
|
7 |
|a VARIABLES VIRTUALES
|2 Spines
|
| 650 |
|
7 |
|a REALIDAD
|2 Spines
|
| 650 |
|
7 |
|a PERCEPCION DE DIMENSIONES
|2 Spines
|
| 650 |
|
7 |
|a SIMULACION POR COMPUTADOR
|2 Spines
|
| 650 |
|
7 |
|a ILUSIONES
|2 Spines
|
| 653 |
|
|
|a IMAGEN
|
| 929 |
|
|
|a COMPRA
|b CEI - UNQ
|d 4,00E
|e 19981020
|g Exp. 0387/98
|j 20700
|
| 929 |
|
|
|a COMPRA
|b Prometeo
|c Exp. 827-0764/97
|d 12,50
|e 19971206
|j 23187
|
| 929 |
|
|
|a COMPRA
|b Prometeo
|c Exp. 827-0764/97
|d 12,50
|e 19971206
|j 23188
|
| 942 |
|
|
|c LIB
|n 0
|
| 999 |
|
|
|c 15158
|d 90545
|